[Event "GER HS-220 email"]
[Site "GER email"]
[Date "2017.02.23"]
[Round "?"]
[White "Zordick, Milon"]
[Black "Schaffarth, Peter"]
[Result "1-0"]
[WhiteElo "1979"]
[BlackElo "1847"]
[PlyCount "53"]
[EventDate "2017.02.27"]
[EventType "tourn (corr)"]
[EventRounds "6"]
[EventCountry "GER"]
[SourceTitle "Corr 2020"]
[Source "ChessBase"]
[SourceDate "2019.09.30"]
[SourceVersion "1"]
[SourceVersionDate "2019.09.30"]
[SourceQuality "1"]

1. d4 Nf6 2. Bg5 d5 3. e3 Ne4 4. Bf4 c5 5. Bd3 cxd4 6. Bxe4 dxe4 7. exd4 g6 8. Nc3 Bg7 9. Nge2 Bf5 10. Qd2 0-0 11. Bh6 Bxh6 12. Qxh6 Nc6 13. 0-0-0 Rc8 14. h4 f6 15. Qe3 Qa5 16. h5 g5 17. Kb1 b5 18. Nxe4 Nb4 19. Qb3+ Kh8 20. N2g3 Bxe4 21. Nxe4 Nxc2 22. d5 Rc4 23. d6 Qd8 24. f3 Qd7 25. Rd5 Nd4 26. dxe7 Qxe7 27. Qd3 1-0

[Event "GER MS-238 email"]
[Site "GER email"]
[Date "2016.04.10"]
[Round "?"]
[White "Jahn, Peter"]
[Black "Schaffarth, Peter"]
[Result "1-0"]
[WhiteElo "1976"]
[BlackElo "1842"]
[PlyCount "81"]
[EventDate "2016.04.16"]
[EventType "tourn (corr)"]
[EventRounds "6"]
[EventCountry "GER"]
[SourceTitle "Corr 2020"]
[Source "ChessBase"]
[SourceDate "2019.09.30"]
[SourceVersion "1"]
[SourceVersionDate "2019.09.30"]
[SourceQuality "1"]

1. Nf3 Nf6 2. c4 e6 3. g3 d5 4. b3 d4 5. e3 c5 6. exd4 cxd4 7. Bg2 Nc6 8. 0-0 Bd6 9. d3 e5 10. Re1 Nd7 11. Ba3 Bxa3 12. Nxa3 0-0 13. Rc1 f6 14. c5 Qe7 15. Qc2 a5 16. Qc4+ Qf7 17. Qb5 Ndb8 18. Nc4 Na6 19. Nd6 Nc7 20. Qa4 Qe6 21. Nxc8 Raxc8 22. a3 Rfd8 23. Nd2 Nd5 24. Ne4 Kh8 25. Qc4 Nce7 26. b4 axb4 27. axb4 b6 28. Ra1 bxc5 29. bxc5 Rc6 30. Ra7 h6 31. Rea1 Kh7 32. R7a6 Rxa6 33. Rxa6 Qg4 34. Ra1 Qd7 35. Nd6 Nc3 36. Qf7 Ng6 37. Ra7 Qxf7 38. Rxf7 e4 39. Nxe4 Kg8 40. Ra7 Ne5 41. Nd6 1-0

[Event "GER MS-237 email"]
[Site "GER email"]
[Date "2016.03.12"]
[Round "?"]
[White "Egner, Michael"]
[Black "Schaffarth, Peter"]
[Result "1-0"]
[WhiteElo "1959"]
[BlackElo "1849"]
[PlyCount "57"]
[EventDate "2016.03.18"]
[EventType "tourn (corr)"]
[EventRounds "6"]
[EventCountry "GER"]
[SourceTitle "Corr 2020"]
[Source "ChessBase"]
[SourceDate "2019.09.30"]
[SourceVersion "1"]
[SourceVersionDate "2019.09.30"]
[SourceQuality "1"]

1. e4 d5 2. exd5 Qxd5 3. Nf3 Nf6 4. d4 c6 5. Be2 Bg4 6. c4 Qd8 7. Nc3 e6 8. 0-0 h6 9. h3 Bf5 10. d5 cxd5 11. Nd4 dxc4 12. Qa4+ Nbd7 13. Nxf5 exf5 14. Bxc4 Bd6 15. Re1+ Kf8 16. Be3 Nb6 17. Qb5 Nxc4 18. Qxc4 Kg8 19. Bd4 Nh5 20. Rad1 Qg5 21. Qd5 Rd8 22. Qxb7 Kh7 23. Bxa7 Qg6 24. Qf3 Rhe8 25. a4 Rxe1+ 26. Rxe1 Nf4 27. Bb6 Nd3 28. Re3 Rb8 29. Ba7 1-0

[Event "GER-ch 2014-E-V6 serv"]
[Site "GER email"]
[Date "2014.12.08"]
[Round "?"]
[White "Nitschke, Norbert"]
[Black "Schaffarth, Peter"]
[Result "0-1"]
[WhiteElo "1779"]
[BlackElo "1857"]
[PlyCount "138"]
[EventDate "2014.12.22"]
[EventType "tourn (corr)"]
[EventRounds "6"]
[EventCountry "GER"]
[SourceTitle "Corr 2020"]
[Source "ChessBase"]
[SourceDate "2019.09.30"]
[SourceVersion "1"]
[SourceVersionDate "2019.09.30"]
[SourceQuality "1"]

1. c4 Nf6 2. Nf3 e6 3. g3 d5 4. cxd5 exd5 5. Bg2 Bd6 6. Nc3 0-0 7. 0-0 h6 8. d3 Re8 9. Nb5 Bf8 10. Bf4 Na6 11. d4 c6 12. Nc3 Bf5 13. Rc1 Qb6 14. Qd2 Ne4 15. Nxe4 Bxe4 16. a3 Nc7 17. Rfd1 Ne6 18. Be3 a5 19. Ne5 Bxg2 20. Kxg2 Bd6 21. Nf3 a4 22. Nh4 Qd8 23. Qd3 Qf6 24. Rc3 Nc7 25. Nf5 Bf8 26. Bf4 Nb5 27. Rc2 g6 28. Ne3 Qe6 29. Be5 Kh7 30. Nf1 f6 31. Bf4 Qe4+ 32. Qxe4 Rxe4 33. Be3 g5 34. Nd2 Re6 35. Nf3 Rae8 36. Kf1 Kg6 37. Bc1 Nd6 38. e3 Nc4 39. Bd2 Bd6 40. Kg2 h5 41. Be1 Rh8 42. Nd2 b5 43. h3 h4 44. g4 Rb8 45. Nxc4 bxc4 46. Kf3 f5 47. gxf5+ Kxf5 48. Bd2 Rf8 49. Rg1 Ref6 50. Be1 Kg6+ 51. Kg2 Rf3 52. Re2 R8f7 53. e4 Rd3 54. Bc3 Rff3 55. e5 Be7 56. Rh1 Rxc3 57. bxc3 Rxc3 58. Re3 Rxa3 59. Rxa3 Bxa3 60. Ra1 Bb2 61. Rxa4 Bxd4 62. Kf1 Bxe5 63. Ra6 Kf5 64. Rxc6 Ke4 65. Ke2 Bf4 66. Re6+ Kd4 67. f3 Kc3 68. Re7 Kc2 69. Rd7 c3 0-1

[Event "GER-ch 2014-E-V6 serv"]
[Site "GER email"]
[Date "2014.12.08"]
[Round "?"]
[White "Schaffarth, Peter"]
[Black "Krumm, Guenther"]
[Result "1/2-1/2"]
[WhiteElo "1857"]
[BlackElo "2048"]
[PlyCount "50"]
[EventDate "2014.12.22"]
[EventType "tourn (corr)"]
[EventRounds "6"]
[EventCountry "GER"]
[SourceTitle "Corr 2020"]
[Source "ChessBase"]
[SourceDate "2019.09.30"]
[SourceVersion "1"]
[SourceVersionDate "2019.09.30"]
[SourceQuality "1"]

1. d4 Nf6 2. c4 e6 3. g3 d5 4. Bg2 Be7 5. Nf3 0-0 6. 0-0 dxc4 7. Ne5 Nc6 8. Nxc6 bxc6 9. Na3 Bxa3 10. bxa3 Ba6 11. Bxc6 Rb8 12. Qa4 Rb6 13. Bd2 Qd6 14. Bf3 Nd5 15. Rfb1 Rfb8 16. Rxb6 Qxb6 17. Rc1 Bb5 18. Qa5 Qxd4 19. Rb1 a6 20. Bxd5 exd5 21. a4 Qe4 22. Rb2 Qe5 23. Rb1 Qe4 24. Rb2 Qe5 25. Rb1 Qe4 1/2-1/2

[Event "GER-ch 2013-E-V5 serv"]
[Site "GER email"]
[Date "2013.11.05"]
[Round "?"]
[White "Tacke, Hubert"]
[Black "Schaffarth, Peter"]
[Result "1-0"]
[WhiteElo "1898"]
[BlackElo "1869"]
[PlyCount "121"]
[EventDate "2013.11.15"]
[EventType "tourn (corr)"]
[EventRounds "6"]
[EventCountry "GER"]
[SourceTitle "Corr 2015"]
[Source "ChessBase"]
[SourceDate "2015.07.17"]
[SourceVersion "1"]
[SourceVersionDate "2015.07.17"]
[SourceQuality "1"]

1. e4 d5 2. exd5 Qxd5 3. Nc3 Qd6 4. d4 c6 5. Be3 Bf5 6. Qd2 e6 7. Nge2 Nf6 8. Ng3 Bg6 9. h4 h6 10. Bf4 Qd8 11. 0-0-0 Qa5 12. a3 Nbd7 13. Bd3 Bxd3 14. Qxd3 Be7 15. Rhe1 g5 16. hxg5 hxg5 17. Bd2 0-0-0 18. Nce4 Qd5 19. Bb4 Bxb4 20. axb4 Nxe4 21. Nxe4 Nb6 22. b3 Qd7 23. c4 Qe7 24. Qc3 g4 25. Kc2 Qc7 26. Qe3 Rh2 27. Rg1 Qe7 28. Kc3 Rh7 29. Rge1 Rh2 30. Qg3 Qc7 31. Re2 Rh7 32. Qxc7+ Kxc7 33. Ra2 a6 34. Nf6 Rg7 35. Rh1 Nd7 36. Ne4 e5 37. dxe5 Nxe5 38. Rh5 Re8 39. Rd2 Nd7 40. Rd4 Re7 41. Rf5 Rg6 42. g3 b6 43. c5 Rge6 44. cxb6+ Nxb6 45. Nf6 Re2 46. Rff4 R7e6 47. Rd2 Rxf6 48. Rxf6 Nd5+ 49. Rxd5 cxd5 50. Kd4 Rd2+ 51. Ke5 Kd7 52. Rxf7+ Kc6 53. Rf6+ Kb5 54. Rf4 Kc6 55. Kf5 d4 56. Ke5 Kb5 57. Rxg4 Re2+ 58. Kd6 Kxb4 59. Rxd4+ Kc3 60. Ra4 Rxf2 61. Ke5 1-0

[Event "GER-ch 2013-D-V6 serv"]
[Site "GER email"]
[Date "2013.10.08"]
[Round "?"]
[White "Schaffarth, Peter"]
[Black "Krumm, Guenther"]
[Result "0-1"]
[WhiteElo "1869"]
[BlackElo "2051"]
[PlyCount "98"]
[EventDate "2013.10.20"]
[EventType "tourn (corr)"]
[EventRounds "6"]
[EventCountry "GER"]
[SourceTitle "Corr 2015"]
[Source "ChessBase"]
[SourceDate "2015.07.17"]
[SourceVersion "1"]
[SourceVersionDate "2015.07.17"]
[SourceQuality "1"]

1. d4 Nf6 2. Nf3 d5 3. e3 c5 4. b3 cxd4 5. exd4 Nc6 6. Bb2 g6 7. Bd3 Bg7 8. 0-0 0-0 9. Re1 Nb4 10. Bf1 Bf5 11. Na3 Qc7 12. c3 Nc6 13. Nc2 Ng4 14. Bd3 e6 15. Ne3 Nxe3 16. Rxe3 Bxd3 17. Qxd3 Ne7 18. Re2 Rfc8 19. Rc1 Qa5 20. a4 Qb6 21. Ba3 Nf5 22. Rb1 Rc6 23. g4 Nd6 24. Bxd6 Rxd6 25. g5 Qc7 26. Qe3 a6 27. Rc2 Rc6 28. c4 dxc4 29. bxc4 Rxc4 30. Rxb7 Rxc2 31. Rxc7 Rxc7 32. a5 Rb8 33. Qf4 Rcc8 34. Qd6 Rd8 35. Qxa6 Bxd4 36. Nxd4 Rxd4 37. h4 Rdd8 38. Qc6 Ra8 39. Qc7 Rd1+ 40. Kg2 Ra1 41. Kg3 R1xa5 42. Qb7 Rd8 43. Qb2 Rd3+ 44. Kg2 Rad5 45. Qb6 Kg7 46. Qb2+ R3d4 47. Kg3 h6 48. gxh6+ Kxh6 49. f3 Kh7 0-1

[Event "GER-ch 2013-D-V6 serv"]
[Site "GER email"]
[Date "2013.10.08"]
[Round "?"]
[White "Schaffarth, Peter"]
[Black "Packroff, Hermann"]
[Result "1/2-1/2"]
[WhiteElo "1869"]
[BlackElo "1933"]
[PlyCount "60"]
[EventDate "2013.10.20"]
[EventType "tourn (corr)"]
[EventRounds "6"]
[EventCountry "GER"]
[SourceTitle "Corr 2015"]
[Source "ChessBase"]
[SourceDate "2015.07.17"]
[SourceVersion "1"]
[SourceVersionDate "2015.07.17"]
[SourceQuality "1"]

1. d4 Nf6 2. Nf3 e6 3. e3 d5 4. Bd3 c5 5. c3 Nc6 6. Nbd2 Bd6 7. 0-0 0-0 8. dxc5 Bxc5 9. e4 Qc7 10. exd5 exd5 11. Nb3 Bb6 12. Nbd4 Bg4 13. Qa4 h6 14. Nxc6 Qxc6 15. Bb5 Qe6 16. Nd4 Qd6 17. f3 a6 18. Bd3 Bd7 19. Qc2 Rae8 20. Qf2 Bc7 21. g3 Bh3 22. Re1 Rxe1+ 23. Qxe1 Re8 24. Qf2 Nd7 25. Bf4 Ne5 26. Re1 Bb6 27. Re3 g5 28. Bxe5 Rxe5 29. Qe1 Bxd4 30. cxd4 Rxe3 1/2-1/2

[Event "GER-ch 2013-B-V5 serv"]
[Site "GER email"]
[Date "2013.04.23"]
[Round "?"]
[White "Grube, Andreas"]
[Black "Schaffarth, Peter"]
[Result "1-0"]
[WhiteElo "2141"]
[BlackElo "1836"]
[PlyCount "105"]
[EventDate "2013.05.01"]
[EventType "tourn (corr)"]
[EventRounds "6"]
[EventCountry "GER"]
[SourceTitle "Corr 2015"]
[Source "ChessBase"]
[SourceDate "2015.07.17"]
[SourceVersion "1"]
[SourceVersionDate "2015.07.17"]
[SourceQuality "1"]

1. Nf3 Nf6 2. c4 e6 3. Nc3 Bb4 4. e3 c5 5. d4 b6 6. Bd2 Bb7 7. Bd3 0-0 8. 0-0 cxd4 9. exd4 d5 10. cxd5 Nxd5 11. Qe2 Be7 12. Qe4 g6 13. Bc4 Qd7 14. Bh6 Rc8 15. Ne5 Nxc3 16. Qf4 Qe8 17. bxc3 a6 18. Bb3 Nd7 19. Rae1 Nxe5 20. Rxe5 Qc6 21. d5 Qxc3 22. dxe6 f6 23. Re2 a5 24. Rc2 Qe5 25. Rxc8+ Rxc8 26. Qxe5 fxe5 27. Rd1 Bc6 28. Rd7 a4 29. Rxe7 axb3 30. axb3 Re8 31. Rf7 Bd5 32. b4 Bxe6 33. Rg7+ Kh8 34. Rb7 Kg8 35. Rxb6 Bd5 36. Rf6 Bc4 37. f3 Rb8 38. Kf2 Bf7 39. Bd2 Kf8 40. Ra6 Ke7 41. Bg5+ Kf8 42. Ra7 Kg7 43. Be7 h6 44. h4 Rb5 45. Bc5 Kf6 46. Ke3 Rb8 47. Ra6+ Be6 48. g4 Rd8 49. Ke4 Rd1 50. Be3 Rb1 51. g5+ hxg5 52. hxg5+ Kf7 53. Kxe5 1-0

[Event "GER-ch 2013-B-V5 serv"]
[Site "GER email"]
[Date "2013.04.23"]
[Round "?"]
[White "Nitschke, Norbert"]
[Black "Schaffarth, Peter"]
[Result "1-0"]
[WhiteElo "1746"]
[BlackElo "1855"]
[PlyCount "39"]
[EventDate "2013.05.01"]
[EventType "tourn (corr)"]
[EventRounds "6"]
[EventCountry "GER"]
[SourceTitle "Corr 2015"]
[Source "ChessBase"]
[SourceDate "2015.07.17"]
[SourceVersion "1"]
[SourceVersionDate "2015.07.17"]
[SourceQuality "1"]

1. d4 Nf6 2. Nf3 e6 3. g3 d5 4. Nc3 c5 5. Bg2 Nc6 6. 0-0 Be7 7. Be3 cxd4 8. Nxd4 e5 9. Nxc6 bxc6 10. Na4 0-0 11. Qd3 Qa5 12. b3 Rd8 13. Bd2 Qb5 14. Be3 Be6 15. Rfd1 Rac8 16. Bxa7 e4 17. Qd2 c5 18. Bb6 Rd7 19. Qa5 h6 20. Qxb5 1-0

[Event "GER-ch 2013-B-V5 serv"]
[Site "GER email"]
[Date "2013.04.23"]
[Round "?"]
[White "Reichgeld, Manfred"]
[Black "Schaffarth, Peter"]
[Result "1/2-1/2"]
[WhiteElo "2004"]
[BlackElo "1836"]
[PlyCount "88"]
[EventDate "2013.05.01"]
[EventType "tourn (corr)"]
[EventRounds "6"]
[EventCountry "GER"]
[SourceTitle "Corr 2015"]
[Source "ChessBase"]
[SourceDate "2015.07.17"]
[SourceVersion "1"]
[SourceVersionDate "2015.07.17"]
[SourceQuality "1"]

1. d4 Nf6 2. c4 e6 3. Nf3 Bb4+ 4. Bd2 Be7 5. Nc3 d5 6. e3 0-0 7. cxd5 exd5 8. Bd3 c6 9. 0-0 Bg4 10. Ne2 Bxf3 11. gxf3 Nbd7 12. Kh1 Re8 13. Qc2 g6 14. Rg1 c5 15. dxc5 Bxc5 16. Bc3 Rc8 17. Qa4 a6 18. Qf4 Qe7 19. Rad1 Bd6 20. Qh4 Ne5 21. Rg2 Nfd7 22. Qxe7 Rxe7 23. Bf5 Nxf3 24. Rxd5 Rc6 25. Bxd7 Rxd7 26. Rg3 Nh4 27. Rg4 Nf3 28. Rf4 Bxf4 29. Rxd7 Be5 30. Rxb7 Bxc3 31. Nxc3 Ne5 32. Kg2 Nd3 33. a4 Nxb2 34. Rxb2 Rxc3 35. Rb6 Rc5 36. Rxa6 Rg5+ 37. Kf3 Rf5+ 38. Kg2 Rg5+ 39. Kf3 Rf5+ 40. Ke2 Rh5 41. a5 Rxh2 42. Rc6 Rh5 43. a6 Ra5 44. Kf3 h5 1/2-1/2

[Event "GER-ch 2012-F-V7 serv"]
[Site "GER email"]
[Date "2012.11.05"]
[Round "?"]
[White "Koch, Hans Georg"]
[Black "Schaffarth, Peter"]
[Result "1/2-1/2"]
[WhiteElo "2142"]
[BlackElo "1841"]
[PlyCount "128"]
[EventDate "2012.11.19"]
[EventType "tourn (corr)"]
[EventRounds "6"]
[EventCountry "GER"]
[SourceTitle "Corr 2015"]
[Source "ChessBase"]
[SourceDate "2015.07.17"]
[SourceVersion "1"]
[SourceVersionDate "2015.07.17"]
[SourceQuality "1"]

1. e4 d5 2. exd5 Qxd5 3. Nc3 Qd6 4. d4 Nf6 5. Nf3 c6 6. Ne5 Nbd7 7. Nc4 Qc7 8. Qf3 Nb6 9. Ne5 Be6 10. Bf4 Qd8 11. 0-0-0 g6 12. h4 Bg7 13. Be2 h5 14. Rhe1 0-0 15. Bg5 Nbd5 16. Nxd5 Bxd5 17. Qa3 Qd6 18. Qxd6 exd6 19. Bxf6 Bxf6 20. Nd7 Bxh4 21. Nxf8 Bg5+ 22. Kb1 Rxf8 23. f3 Bh4 24. Rh1 Bg3 25. c4 Be6 26. Bd3 Kg7 27. Kc2 Kf6 28. b3 h4 29. a4 a5 30. Rb1 Ra8 31. Rb2 Bd7 32. Be4 Kg5 33. Kd1 f5 34. Bd3 c5 35. d5 Be5 36. Re2 Rg8 37. Rh3 Rh8 38. Kd2 Kf6 39. Rh1 Rh7 40. Ke3 Kg5 41. Bc2 Re7 42. Bd1 Bf4+ 43. Kd3 Rh7 44. Bc2 Kf6 45. Bd1 Bg3 46. Bc2 g5 47. Kc3 Be5+ 48. Kd2 Rh8 49. Bd3 Bc8 50. Rf1 h3 51. gxh3 Rxh3 52. Rg2 Bd4 53. Re2 Bd7 54. f4 g4 55. Rfe1 Rh7 56. Kc2 g3 57. Rg2 Rh3 58. Kd2 Rh4 59. Rf1 Bf2 60. Rfxf2 gxf2 61. Rxf2 Be8 62. Be2 Bf7 63. Kc3 Rh3+ 64. Kc2 Rh1 1/2-1/2

[Event "GER-ch 2012-F-V7 serv"]
[Site "GER email"]
[Date "2012.11.05"]
[Round "?"]
[White "Schaffarth, Peter"]
[Black "Reichgeld, Manfred"]
[Result "1/2-1/2"]
[WhiteElo "1841"]
[BlackElo "2000"]
[PlyCount "62"]
[EventDate "2012.11.19"]
[EventType "tourn (corr)"]
[EventRounds "6"]
[EventCountry "GER"]
[SourceTitle "Corr 2015"]
[Source "ChessBase"]
[SourceDate "2015.07.17"]
[SourceVersion "1"]
[SourceVersionDate "2015.07.17"]
[SourceQuality "1"]

1. d4 Nf6 2. Nf3 d5 3. e3 g6 4. Bd3 Bg7 5. Nbd2 0-0 6. 0-0 c5 7. c3 Nbd7 8. Re1 Re8 9. e4 cxd4 10. Nxd4 dxe4 11. Nxe4 Nxe4 12. Bxe4 Nf6 13. Bf3 e5 14. Nb5 Qa5 15. a4 e4 16. Be2 Rd8 17. Qc2 a6 18. b4 Qb6 19. Be3 Qc6 20. Nd4 Qc7 21. c4 Qe7 22. Rab1 Ng4 23. Bxg4 Bxg4 24. Ne2 Rac8 25. Bc5 Qc7 26. a5 Bxe2 27. Qxe2 Bd4 28. Qxe4 Bxc5 29. bxc5 Qxa5 30. Qxb7 Qxc5 31. Qxa6 Qxc4 1/2-1/2

[Event "GER-ch 2012-F-V7 serv"]
[Site "GER email"]
[Date "2012.11.05"]
[Round "?"]
[White "Tacke, Hubert"]
[Black "Schaffarth, Peter"]
[Result "1-0"]
[WhiteElo "1849"]
[BlackElo "1841"]
[PlyCount "65"]
[EventDate "2012.11.19"]
[EventType "tourn (corr)"]
[EventRounds "6"]
[EventCountry "GER"]
[SourceTitle "Corr 2015"]
[Source "ChessBase"]
[SourceDate "2015.07.17"]
[SourceVersion "1"]
[SourceVersionDate "2015.07.17"]
[SourceQuality "1"]

1. e4 d5 2. exd5 Qxd5 3. Nc3 Qd6 4. d4 Nf6 5. Nf3 c6 6. Be3 Bg4 7. h3 Bh5 8. Qd2 Bxf3 9. gxf3 e6 10. Ne4 Qb4 11. c3 Qa5 12. a3 Nbd7 13. Bd3 Be7 14. 0-0-0 Nd5 15. h4 Nxe3 16. fxe3 h6 17. f4 0-0-0 18. Qe2 Nf6 19. Nd2 g6 20. Nc4 Qc7 21. Ne5 Bd6 22. Kb1 Kb8 23. c4 c5 24. Bc2 Nh5 25. Qf2 cxd4 26. exd4 Rhf8 27. Rhf1 Ng7 28. c5 Bxe5 29. fxe5 Qe7 30. Be4 Nf5 31. h5 Qg5 32. Rd3 Qxh5 33. Bxb7 1-0